00426nam a2200169 a 4500008004100000020001500041050001800056100001800074245002100092250001200113260003300125300002300158350000900181650001000190650001800200650003800218120416s1995 ||||||||||||||||| || u a0240513959 aTK 7881.4 Nis aNisbett, Alec14aThe sound studio a6th ed. aBoston :bFocal Pressc1995. axii, 388 p. : ill. a0.00 aSOUND aSOUND STUDIOS aSOUND--RECORDING AND REPRODUCTION